[Event "Mercredi 2018.08.29 ABCD"]
[Site "Montreal CAN"]
[Date "2018.09.26"]
[Round "5"]
[White "Nardone, Raul"]
[Black "Biakolo, Lima"]
[Result "0-1"]
[WhiteElo "1764"]
[BlackElo "1912"]
[PlyCount "118"]
[EventDate "2018.08.29"]
[EventType "tourn"]
[EventRounds "5"]
[EventCountry "CAN"]

1. d4 Nf6 2. Nf3 e6 3. Bg5 d5 4. Nbd2 Be7 5. e3 O-O 6. Bd3 c5 7. c3 Nc6 8. O-O
a6 9. Qe2 Re8 10. Rad1 cxd4 11. exd4 Qc7 12. Ne5 Nxe5 13. dxe5 Nd7 14. Bxe7
Rxe7 15. Rde1 Nc5 16. Bb1 Bd7 17. Qh5 g6 18. Qh6 Qd8 19. Re3 Qf8 20. Qh4 Rae8
21. b4 Na4 22. c4 Bc6 23. Rh3 Qg7 24. c5 b6 25. Qd4 Rb7 26. Nb3 Reb8 27. cxb6
Rxb6 28. a3 Bb5 29. Rc1 R6b7 30. Na5 Rd7 31. Re3 Qf8 32. h3 Nb6 33. Rec3 Nc4
34. Nb3 Qg7 35. Nc5 Rdd8 36. a4 Be8 37. Nxe6 Ra8 38. b5 Nxe5 39. Qd1 Nc4 40.
Nc7 Rac8 41. Nxe8 Rxe8 42. Ba2 Rcd8 43. Bxc4 dxc4 44. Qf3 Rd2 45. b6 Qd4 46.
Rxc4 Qxb6 47. Rc7 Rf8 48. R1c6 Qb1+ 49. Kh2 Qb2 50. Qc3 Rxf2 51. Qxb2 Rxb2 52.
Rxa6 Ra2 53. a5 Ra3 54. Raa7 Kg7 55. a6 Kf6 56. Kg1 h5 57. h4 Ke5 58. Kh2 f6
59. Rg7 Kf5 0-1

[Event "Mercredi 2018.08.29 ABCD"]
[Site "Montreal CAN"]
[Date "2018.09.26"]
[Round "5"]
[White "Nesterov, Timour"]
[Black "Jacquet, Stephane"]
[Result "1-0"]
[WhiteElo "1945"]
[BlackElo "2025"]
[PlyCount "49"]
[EventDate "2018.08.29"]
[EventType "tourn"]
[EventRounds "5"]
[EventCountry "CAN"]

1. d4 Nf6 2. Nf3 g6 3. Bf4 Bg7 4. Nc3 O-O 5. e4 d6 6. Qd2 c6 7. Bh6 b5 8. Bxg7
Kxg7 9. Bd3 Nbd7 10. Ne2 Qc7 11. h3 c5 12. c3 Bb7 13. Ng3 e5 14. O-O c4 15. Bc2
d5 16. dxe5 Nxe4 17. Qf4 Nxg3 18. fxg3 Rae8 19. Rae1 Qc5+ 20. Kh2 b4 21. Nd4
bxc3 22. Nf5+ Kh8 23. Qh6 Rg8 24. Nd6 Nxe5 25. Nxf7+ 1-0

[Event "Mercredi 2018.08.29 ABCD"]
[Site "Montreal CAN"]
[Date "2018.09.26"]
[Round "5"]
[White "Nunez, Omar"]
[Black "Barko, Maxim"]
[Result "1/2-1/2"]
[WhiteElo "1975"]
[BlackElo "1923"]
[PlyCount "57"]
[EventDate "2018.08.29"]
[EventType "tourn"]
[EventRounds "5"]
[EventCountry "CAN"]

1. e4 e6 2. Qe2 c5 3. Nf3 Nc6 4. d3 d6 5. g3 g6 6. Bg2 Bg7 7. O-O Nge7 8. c3
Rb8 9. Rd1 O-O 10. Be3 b5 11. d4 cxd4 12. Nxd4 a6 13. Nxc6 Nxc6 14. Bc5 dxc5
15. Rxd8 Rxd8 16. Nd2 b4 17. e5 bxc3 18. bxc3 Nxe5 19. Nc4 Nxc4 20. Qxc4 Bf8
21. h4 Rb2 22. h5 Rdd2 23. hxg6 hxg6 24. Be4 Rxf2 25. Rf1 Rxf1+ 26. Kxf1 Bd7
27. a4 Bc8 28. Qd3 Be7 29. Qc4 1/2-1/2

[Event "Mercredi 2018.08.29 ABCD"]
[Site "Montreal CAN"]
[Date "2018.09.26"]
[Round "5"]
[White "O'Connor, Michael"]
[Black "Templonuevo, Mark Geryl"]
[Result "0-1"]
[WhiteElo "1804"]
[BlackElo "1866"]
[PlyCount "40"]
[EventDate "2018.08.29"]
[EventType "tourn"]
[EventRounds "5"]
[EventCountry "CAN"]

1. d4 d5 2. Nf3 Nf6 3. c4 c6 4. Nc3 dxc4 5. a4 Bf5 6. e3 e6 7. Bxc4 Bb4 8. Bd2
g5 9. Na2 Bxd2+ 10. Nxd2 Qb6 11. Qb3 Qc7 12. Bd3 Bg6 13. Qc2 Nbd7 14. Ne4 O-O-O
15. Nxg5 Qa5+ 16. b4 Qxg5 17. b5 Qxg2 18. bxc6 Qxh1+ 19. Kd2 Qxc6 20. Qb3 Nc5
0-1

[Event "Mercredi 2018.08.29 ABCD"]
[Site "Montreal CAN"]
[Date "2018.09.26"]
[Round "5"]
[White "O'Neill, Brendon"]
[Black "Gates, Claude-Eric"]
[Result "1/2-1/2"]
[WhiteElo "1702"]
[BlackElo "1690"]
[PlyCount "88"]
[EventDate "2018.08.29"]
[EventType "tourn"]
[EventRounds "5"]
[EventCountry "CAN"]

1. e4 c5 2. Nf3 g6 3. c3 Bg7 4. d4 cxd4 5. cxd4 Nc6 6. Nc3 d6 7. h3 a6 8. Bc4
Nf6 9. O-O b5 10. Bd3 O-O 11. Be3 Bb7 12. Rc1 Rc8 13. Qd2 Re8 14. Bb1 Na5 15.
b3 Nc6 16. Ne2 e6 17. Ng3 Re7 18. Rfd1 Qe8 19. e5 dxe5 20. dxe5 Rd7 21. Qb2
Rxd1+ 22. Rxd1 Nd7 23. Ne4 Ndxe5 24. Nxe5 Bxe5 25. Qe2 Rd8 26. Rxd8 Qxd8 27.
Nc5 Bc8 28. Be4 Ne7 29. Nd3 Bg7 30. Bg5 f6 31. Be3 Nd5 32. Bf3 Nxe3 33. Qxe3 e5
34. Nc5 f5 35. b4 e4 36. Be2 Qd5 37. a3 Be5 38. Qg5 Qd4 39. Qe7 Qb2 40. Qe8+
Kg7 41. Qe7+ Kg8 42. Qe8+ Kg7 43. Qe7+ Kg8 44. Qe8+ Kg7 1/2-1/2

[Event "Mercredi 2018.08.29 ABCD"]
[Site "Montreal CAN"]
[Date "2018.09.26"]
[Round "5"]
[White "Tremblay, Alain"]
[Black "Langlois-Remillard, Alexis"]
[Result "1/2-1/2"]
[WhiteElo "2128"]
[BlackElo "2124"]
[PlyCount "86"]
[EventDate "2018.08.29"]
[EventType "tourn"]
[EventRounds "5"]
[EventCountry "CAN"]

1. e4 e6 2. c4 c5 3. Nf3 b6 4. Nc3 Bb7 5. d4 cxd4 6. Nxd4 d6 7. Be2 Nf6 8. f3
Be7 9. O-O O-O 10. Be3 a6 11. Qd2 Nbd7 12. a4 Rc8 13. a5 d5 14. exd5 exd5 15.
Nxd5 Nxd5 16. cxd5 b5 17. Nf5 Bc5 18. b4 Bxe3+ 19. Qxe3 Re8 20. Qd2 Re5 21. Nd6
Rxd5 22. Qf4 Rxd6 23. Qxd6 Rc6 24. Qd2 Rh6 25. Rad1 Qh4 26. h3 Nf8 27. Qd4 Qg5
28. Qd2 Qg3 29. Qe1 Qg5 30. Kh1 Bc8 31. f4 Qg6 32. Rf3 Bb7 33. Qg3 Bxf3 34.
Qxg6 Rxg6 35. Bxf3 Rf6 36. Bb7 Rxf4 37. Bxa6 Rxb4 38. Bc8 Ra4 39. a6 Ne6 40.
Re1 Kf8 41. Bxe6 fxe6 42. Rxe6 b4 43. Rb6 b3 1/2-1/2

[Event "Mercredi 2018.08.29 ABCD"]
[Site "Montreal CAN"]
[Date "2018.09.26"]
[Round "5"]
[White "Vignalou, Joseph"]
[Black "Ostaci, Liviu"]
[Result "1-0"]
[WhiteElo "1741"]
[BlackElo "1684"]
[PlyCount "41"]
[EventDate "2018.08.29"]
[EventType "tourn"]
[EventRounds "5"]
[EventCountry "CAN"]

1. e4 c5 2. Nf3 Nc6 3. Bb5 Nd4 4. Nxd4 cxd4 5. c3 Nf6 6. Qe2 dxc3 7. bxc3 e5 8.
O-O Bc5 9. Ba3 b6 10. d4 Bxa3 11. Nxa3 Bb7 12. Nc4 O-O 13. Nd6 Qc7 14. dxe5 Ne8
15. Nxb7 Qxb7 16. Rfd1 Qc7 17. f4 f6 18. Qc4+ Kh8 19. Rxd7 Qxc4 20. Bxc4 g6 21.
e6 1-0

[Event "Mercredi 2018.10.10 ABCD"]
[Site "Montreal CAN"]
[Date "2018.10.10"]
[Round "1"]
[White "Abdelaal, Ibrahim"]
[Black "Templonuevo, Mark Geryl"]
[Result "1-0"]
[WhiteElo "1988"]
[BlackElo "1851"]
[PlyCount "99"]
[EventDate "2018.10.10"]
[EventType "tourn"]
[EventRounds "5"]
[EventCountry "CAN"]

1. e4 e5 2. Nf3 Nf6 3. Nxe5 d6 4. Nxf7 Kxf7 5. d4 c5 6. Bc4+ Be6 7. Bxe6+ Kxe6
8. O-O Kf7 9. c3 g6 10. Qb3+ Kg7 11. Qxb7+ Nbd7 12. e5 Be7 13. exf6+ Kxf6 14.
Bh6 g5 15. f4 g4 16. Bg5+ Kf5 17. Qd5+ Kg6 18. f5+ Kxg5 19. f6+ Kh6 20. fxe7
Qxe7 21. Nd2 Nf6 22. Qf5 Qe3+ 23. Kh1 Raf8 24. Nc4 Qe2 25. Qf4+ Kg6 26. Nxd6
Nd5 27. Qe4+ Qxe4 28. Nxe4 cxd4 29. cxd4 Ne3 30. Rxf8 Rxf8 31. g3 Rd8 32. Re1
Nc2 33. Rd1 Ne3 34. Rd3 Nd5 35. Nc3 Nb6 36. Ne2 Re8 37. Nf4+ Kf5 38. Kg2 Rc8
39. Rd2 Ke4 40. d5 Nc4 41. Re2+ Kd4 42. Kf2 Rf8 43. b3 Ne5 44. Ke1 Rc8 45. Kd1
Nf3 46. d6 Ng5 47. Rd2+ Ke5 48. Rd5+ Kf6 49. d7 Rd8 50. Rxg5 1-0

[Event "Mercredi 2018.10.10 ABCD"]
[Site "Montreal CAN"]
[Date "2018.10.10"]
[Round "1"]
[White "Alcantara, Maximo jr"]
[Black "Nica, Ion"]
[Result "1-0"]
[WhiteElo "1778"]
[BlackElo "1644"]
[PlyCount "127"]
[EventDate "2018.10.10"]
[EventType "tourn"]
[EventRounds "5"]
[EventCountry "CAN"]

1. Nf3 Nf6 2. d4 d5 3. g3 g6 4. Bg2 Bg7 5. c3 c6 6. O-O O-O 7. Re1 Ne4 8. Nbd2
f5 9. Nf1 Nd7 10. N3d2 e5 11. f3 Nxd2 12. Qxd2 exd4 13. cxd4 Re8 14. b3 Qb6 15.
Bb2 Bf8 16. e3 Nf6 17. Qd3 Bd7 18. Nd2 Re6 19. e4 Rae8 20. e5 Rxe5 21. Rxe5
Rxe5 22. f4 Re8 23. Nf3 Bd6 24. h3 Nh5 25. Kh2 Qa6 26. Qxa6 bxa6 27. Ne5 Nf6
28. Rc1 Bxe5 29. dxe5 Ne4 30. Bxe4 fxe4 31. Bd4 Ra8 32. g4 Kf7 33. Rf1 Rc8 34.
Bc5 Re8 35. Bxa7 Ra8 36. Bc5 Rb8 37. f5 gxf5 38. gxf5 Rb5 39. e6+ Bxe6 40.
fxe6+ Kxe6 41. Rc1 Rb8 42. Kg3 Rg8+ 43. Kf2 Rg7 44. Bd4 Rf7+ 45. Ke2 Kd7 46.
Rf1 Re7 47. Rf6 Kc7 48. Ke3 Kd7 49. h4 h5 50. Rf5 Rh7 51. Be5 Rh6 52. Rf6 Rxf6
53. Bxf6 c5 54. a3 Ke6 55. Bg7 Kf5 56. Bf8 Kg4 57. Bxc5 Kxh4 58. a4 Kg5 59. b4
h4 60. b5 h3 61. Bd6 axb5 62. axb5 Kf5 63. b6 Ke6 64. Bh2 1-0

[Event "Mercredi 2018.10.10 ABCD"]
[Site "Montreal CAN"]
[Date "2018.10.10"]
[Round "1"]
[White "Baran, Marius"]
[Black "Gates, Claude-Eric"]
[Result "1/2-1/2"]
[WhiteElo "1769"]
[BlackElo "1765"]
[PlyCount "85"]
[EventDate "2018.10.10"]
[EventType "tourn"]
[EventRounds "5"]
[EventCountry "CAN"]

1. e4 c5 2. d4 cxd4 3. c3 Nf6 4. e5 Nd5 5. Bc4 Nb6 6. Bb3 g6 7. Nf3 Bg7 8. O-O
O-O 9. cxd4 Nc6 10. Re1 Na5 11. Bc2 d6 12. Qe2 Bg4 13. Nbd2 dxe5 14. h3 Rc8 15.
Bd3 Bxf3 16. Nxf3 exd4 17. Qxe7 Re8 18. Qxd8 Rcxd8 19. Bg5 Rc8 20. Rac1 Nc6 21.
a3 Na4 22. Rxe8+ Rxe8 23. Rc2 Nb6 24. Kf1 a6 25. Bxa6 bxa6 26. Rxc6 Re6 27.
Rxe6 fxe6 28. Bc1 Nd5 29. g3 h6 30. Ke2 e5 31. Nd2 Kf7 32. Ne4 Nc7 33. b4 Ke6
34. Kd3 Kd5 35. f4 h5 36. Nc5 Bh6 37. Bd2 exf4 38. gxf4 a5 39. Nb3 axb4 40.
axb4 Nb5 41. Nc5 Na3 42. Ne4 Bg7 43. Nc5 1/2-1/2

[Event "Mercredi 2018.10.10 ABCD"]
[Site "Montreal CAN"]
[Date "2018.10.10"]
[Round "1"]
[White "Dumouchel, Alain"]
[Black "Nardone, Raul"]
[Result "1-0"]
[WhiteElo "1816"]
[BlackElo "1777"]
[PlyCount "82"]
[EventDate "2018.10.10"]
[EventType "tourn"]
[EventRounds "5"]
[EventCountry "CAN"]

1. d4 Nf6 2. Bf4 e6 3. e3 b6 4. Nf3 Bb7 5. Bd3 Be7 6. O-O Nh5 7. Bg3 Nxg3 8.
hxg3 c5 9. c3 h5 10. Nbd2 d6 11. Re1 Nd7 12. a4 g5 13. a5 g4 14. Nh2 Nf6 15.
Bb5+ Kf8 16. a6 Bc8 17. e4 Bd7 18. Qa4 Bxb5 19. Qxb5 Qd7 20. Qd3 Qc7 21. Nhf1
Kg7 22. d5 Rh6 23. Nc4 Rah8 24. dxe6 fxe6 25. Rad1 Rd8 26. Nce3 Kf7 27. Qc4 d5
28. exd5 exd5 29. Rxd5 Nxd5 30. Nxd5 b5 31. Rxe7+ Qxe7 32. Qf4+ Rf6 33. Qg5
Rxd5 34. Qxd5+ Kg6 35. Qd3+ Kh6 36. Ne3 Qe5 37. Qxb5 Kg5 38. Qb7 Rb6 39. Qxa7
Rxb2 40. Qh7 Rb8 41. a7 Rf8 1-0

[Event "Mercredi 2018.10.10 ABCD"]
[Site "Montreal CAN"]
[Date "2018.10.10"]
[Round "1"]
[White "Guipi Bopala, Prince Eric jr"]
[Black "Shahabi, Shahab"]
[Result "1-0"]
[WhiteElo "1757"]
[BlackElo "1658"]
[PlyCount "57"]
[EventDate "2018.10.10"]
[EventType "tourn"]
[EventRounds "5"]
[EventCountry "CAN"]

1. d4 Nf6 2. Bf4 g6 3. Nc3 Bg7 4. e4 d6 5. Qd2 Nbd7 6. O-O-O c5 7. dxc5 Nxc5 8.
e5 Nfe4 9. Nxe4 Nxe4 10. Qe3 Bf5 11. g4 Nxf2 12. Qxf2 Bxg4 13. Be2 Bxe2 14.
Nxe2 Qa5 15. exd6 Qxa2 16. d7+ Kd8 17. c3 Qa1+ 18. Kc2 Qa4+ 19. Kb1 Qe4+ 20.
Kc1 e5 21. Bg5+ f6 22. Bxf6+ Bxf6 23. Qxf6+ Kc7 24. Qd6+ Kd8 25. Rhf1 Qe3+ 26.
Rd2 Qh6 27. Qf6+ Kc7 28. Qe7 Kb6 29. Rf6+ 1-0

[Event "Mercredi 2018.10.10 ABCD"]
[Site "Montreal CAN"]
[Date "2018.10.10"]
[Round "1"]
[White "Jacquet, Stephane"]
[Black "Biakolo, Lima"]
[Result "0-1"]
[WhiteElo "1982"]
[BlackElo "1919"]
[PlyCount "38"]
[EventDate "2018.10.10"]
[EventType "tourn"]
[EventRounds "5"]
[EventCountry "CAN"]

1. d4 Nf6 2. c4 e5 3. dxe5 Ng4 4. Bf4 Nc6 5. Nf3 Bb4+ 6. Nbd2 Qe7 7. a3 Ngxe5
8. Nxe5 Nxe5 9. e3 Bxd2+ 10. Qxd2 d6 11. c5 dxc5 12. Qd5 Nc6 13. Bb5 Bd7 14.
Bxc7 Nd4 15. Qxb7 O-O 16. O-O-O Nxb5 17. Bg3 Rad8 18. a4 Qe6 19. Qd5 Nd4 0-1

[Event "Mercredi 2018.10.10 ABCD"]
[Site "Montreal CAN"]
[Date "2018.10.10"]
[Round "1"]
[White "Nunez, Omar"]
[Black "Barko, Maxim"]
[Result "1/2-1/2"]
[WhiteElo "1961"]
[BlackElo "1955"]
[PlyCount "59"]
[EventDate "2018.10.10"]
[EventType "tourn"]
[EventRounds "5"]
[EventCountry "CAN"]

1. Nf3 e6 2. g3 d5 3. Bg2 Bd6 4. d3 Nf6 5. Nbd2 c5 6. e4 dxe4 7. dxe4 Nc6 8.
O-O Qc7 9. Re1 O-O 10. c3 Rd8 11. Qe2 Nd7 12. Nc4 f6 13. Be3 Bf8 14. Rad1 Nb6
15. Rxd8 Qxd8 16. Rd1 Qc7 17. Bc1 Kh8 18. Na3 a6 19. Nc2 Be7 20. Nh4 Bd7 21.
Bf4 Qc8 22. Bc1 Qc7 23. f4 g6 24. b3 Re8 25. Nf3 Bd6 26. Qd2 Bf8 27. Qf2 Nc8
28. Be3 b6 29. Qd2 Re7 30. Qe2 1/2-1/2

[Event "Mercredi 2018.10.10 ABCD"]
[Site "Montreal CAN"]
[Date "2018.10.10"]
[Round "1"]
[White "O'Connor, Michael"]
[Black "Millette, Sylvain"]
[Result "1-0"]
[WhiteElo "1759"]
[BlackElo "1689"]
[PlyCount "33"]
[EventDate "2018.10.10"]
[EventType "tourn"]
[EventRounds "5"]
[EventCountry "CAN"]

1. d4 Nf6 2. c4 g6 3. Nc3 d5 4. Nf3 Bg7 5. Bg5 c6 6. e3 O-O 7. h3 Ne4 8. Bf4
Qb6 9. Qb3 Nxc3 10. Qxc3 dxc4 11. Bxc4 c5 12. Be5 Bxe5 13. Nxe5 cxd4 14. Qxd4
Qb4+ 15. Ke2 e6 16. Ng4 f6 17. Bxe6+ 1-0

[Event "Mercredi 2018.10.10 ABCD"]
[Site "Montreal CAN"]
[Date "2018.10.10"]
[Round "1"]
[White "O'Neill, Brendon"]
[Black "Brassard, Sylvain"]
[Result "1-0"]
[WhiteElo "1770"]
[BlackElo "1804"]
[PlyCount "63"]
[EventDate "2018.10.10"]
[EventType "tourn"]
[EventRounds "5"]
[EventCountry "CAN"]

1. e4 d5 2. exd5 Nf6 3. d4 Nxd5 4. c4 Nb6 5. Nf3 Bg4 6. Be2 e6 7. O-O Be7 8.
Nc3 O-O 9. h3 Bh5 10. Bf4 Nc6 11. Rc1 Bxf3 12. Bxf3 Nxc4 13. Nb5 Nd6 14. Bxc6
bxc6 15. Nxd6 Bxd6 16. Be3 Rb8 17. b3 Qd7 18. Qg4 Rb5 19. Rc2 Rd5 20. Rfc1 f5
21. Qe2 f4 22. Bd2 Ba3 23. Re1 Rf6 24. Qa6 Rxd4 25. Bc3 Bb4 26. Bxd4 Qxd4 27.
Qc8+ Kf7 28. Qxc7+ Kg6 29. Rf1 f3 30. Rc4 Qd2 31. Rg4+ Kf5 32. Qxc6 1-0

[Event "Mercredi 2018.10.10 ABCD"]
[Site "Montreal CAN"]
[Date "2018.10.10"]
[Round "1"]
[White "Pomerantz, Daniel"]
[Black "Broday, Gabriel Renan"]
[Result "0-1"]
[WhiteElo "2128"]
[BlackElo "2070"]
[PlyCount "84"]
[EventDate "2018.10.10"]
[EventType "tourn"]
[EventRounds "5"]
[EventCountry "CAN"]

1. e4 c5 2. Nf3 e6 3. d4 cxd4 4. Nxd4 a6 5. Bd3 Qc7 6. O-O Nf6 7. Qe2 d6 8. c4
Be7 9. Nc3 b6 10. Bd2 Bb7 11. Rae1 Nc6 12. Nxc6 Qxc6 13. f4 g6 14. Kh1 O-O 15.
Rf3 Rfe8 16. Rg3 Rad8 17. Nd1 d5 18. cxd5 exd5 19. e5 Ne4 20. Bxe4 dxe4 21. Rh3
Qc2 22. f5 Qxd2 23. Qxd2 Rxd2 24. e6 fxe6 25. fxg6 hxg6 26. Ne3 Rd3 27. Rh6 Kg7
28. Rh3 Bg5 29. Nc4 Rxh3 30. gxh3 e3+ 31. Kg1 b5 32. Nxe3 Bxe3+ 33. Rxe3 Bd5
34. Rc3 Rf8 35. b3 Rb8 36. Kf2 a5 37. Ke3 a4 38. Kd4 Kf6 39. h4 axb3 40. axb3
Rh8 41. Re3 Rxh4+ 42. Kc5 b4 0-1

[Event "Mercredi 2018.10.10 ABCD"]
[Site "Montreal CAN"]
[Date "2018.10.10"]
[Round "1"]
[White "Tremblay, Alain"]
[Black "Nikulich, Oleksandr"]
[Result "1-0"]
[WhiteElo "2122"]
[BlackElo "2081"]
[PlyCount "63"]
[EventDate "2018.10.10"]
[EventType "tourn"]
[EventRounds "5"]
[EventCountry "CAN"]

1. e4 e5 2. Nf3 Nc6 3. d4 exd4 4. Bc4 Nf6 5. e5 d5 6. Bb5 Ne4 7. O-O Bc5 8.
Nxd4 Bd7 9. Bxc6 bxc6 10. f3 Ng5 11. Be3 O-O 12. Nc3 Bb4 13. Nde2 f5 14. exf6
Qxf6 15. f4 Qe7 16. Bd4 Ne4 17. Nxe4 Qxe4 18. Ng3 Qg6 19. Be5 Ba5 20. c4 Bb6+
21. Kh1 Bg4 22. Qb3 dxc4 23. Qxc4+ Kh8 24. Rae1 h5 25. b4 Rad8 26. f5 Qf7 27.
Qf4 Rd3 28. f6 g6 29. Ne4 Bf5 30. Qh6+ Kg8 31. Rxf5 gxf5 32. Ng5 1-0

[Event "Mercredi 2018.10.10 ABCD"]
[Site "Montreal CAN"]
[Date "2018.10.17"]
[Round "2"]
[White "Abdelaal, Ibrahim"]
[Black "Barko, Maxim"]
[Result "1-0"]
[WhiteElo "1988"]
[BlackElo "1955"]
[PlyCount "33"]
[EventDate "2018.10.10"]
[EventType "tourn"]
[EventRounds "5"]
[EventCountry "CAN"]

1. e4 d5 2. e5 c5 3. c3 Nc6 4. d4 Bf5 5. Bd3 Bxd3 6. Qxd3 e6 7. Ne2 Qb6 8. O-O
Rc8 9. a3 cxd4 10. cxd4 Nge7 11. b4 Nf5 12. Be3 h5 13. Nbc3 h4 14. Nxd5 Qd8 15.
Ndc3 Nxe5 16. Qb5+ Qd7 17. Qxe5 1-0

[Event "Mercredi 2018.10.10 ABCD"]
[Site "Montreal CAN"]
[Date "2018.10.17"]
[Round "2"]
[White "Baran, Marius"]
[Black "Dumouchel, Alain"]
[Result "0-1"]
[WhiteElo "1769"]
[BlackElo "1816"]
[PlyCount "82"]
[EventDate "2018.10.10"]
[EventType "tourn"]
[EventRounds "5"]
[EventCountry "CAN"]

1. e4 e5 2. Nf3 Nc6 3. d4 exd4 4. Bc4 Nf6 5. e5 d5 6. Bb5 Ne4 7. Nxd4 Bd7 8.
Bxc6 bxc6 9. O-O Be7 10. f3 Ng5 11. Be3 O-O 12. Nb3 a5 13. f4 Ne4 14. N1d2 f5
15. exf6 Nxf6 16. Nc5 Bg4 17. Nf3 Rb8 18. h3 Bxf3 19. Rxf3 Qc8 20. a4 Nh5 21.
Qd2 Nxf4 22. Raf1 Ne6 23. Rxf8+ Bxf8 24. Qf2 Qe8 25. Nb3 Bd6 26. Nxa5 c5 27. c3
c4 28. Kh1 c5 29. Bc1 Qg6 30. Qg1 h5 31. Nc6 Rb6 32. Na7 Ra6 33. Nb5 Bb8 34.
Be3 Rxa4 35. Bxc5 Ra5 36. Nd4 Nxc5 37. Qe3 Ne4 38. Nf5 Qxf5 39. Rxf5 Ra1+ 40.
Qg1 Ng3+ 41. Kh2 Nxf5+ 0-1

[Event "Mercredi 2018.10.10 ABCD"]
[Site "Montreal CAN"]
[Date "2018.10.17"]
[Round "2"]
[White "Broday, Gabriel Renan"]
[Black "Nikulich, Oleksandr"]
[Result "0-1"]
[WhiteElo "2070"]
[BlackElo "2081"]
[PlyCount "58"]
[EventDate "2018.10.10"]
[EventType "tourn"]
[EventRounds "5"]
[EventCountry "CAN"]

1. e4 e5 2. Nf3 Nc6 3. Bc4 Nf6 4. Qe2 Be7 5. c3 O-O 6. Bb3 d5 7. d3 Be6 8. Bc2
d4 9. O-O b5 10. Nbd2 Bc5 11. Nb3 Qd6 12. h3 Bb6 13. Kh1 Nd7 14. Ng5 dxc3 15.
bxc3 b4 16. cxb4 Nxb4 17. Nxe6 fxe6 18. Be3 Rf6 19. a3 Nxc2 20. Qxc2 Raf8 21.
Bxb6 cxb6 22. f3 Rg6 23. Rfd1 Nf6 24. Ra2 Nh5 25. d4 Nf4 26. Qc4 Qd8 27. Qf1
Qh4 28. Rdd2 Nxh3 29. gxh3 Rxf3 0-1

[Event "Mercredi 2018.10.10 ABCD"]
[Site "Montreal CAN"]
[Date "2018.10.17"]
[Round "2"]
[White "Gates, Claude-Eric"]
[Black "Brassard, Sylvain"]
[Result "1/2-1/2"]
[WhiteElo "1765"]
[BlackElo "1804"]
[PlyCount "53"]
[EventDate "2018.10.10"]
[EventType "tourn"]
[EventRounds "5"]
[EventCountry "CAN"]

1. d4 Nf6 2. c4 e6 3. Nc3 Bb4 4. e3 b6 5. Bd3 Bb7 6. Nf3 d5 7. O-O Bxc3 8. bxc3
dxc4 9. Bxc4 O-O 10. Bd3 Nbd7 11. Re1 Re8 12. e4 e5 13. d5 c6 14. c4 Nc5 15.
Bg5 Qd6 16. a4 Nfd7 17. a5 f6 18. Bh4 cxd5 19. cxd5 f5 20. axb6 axb6 21. Rxa8
Bxa8 22. exf5 e4 23. Bc4 Qf4 24. Bg3 Qxf5 25. Nd4 Qf6 26. Nb5 Ne5 27. Bxe5
1/2-1/2

[Event "Mercredi 2018.10.10 ABCD"]
[Site "Montreal CAN"]
[Date "2018.10.17"]
[Round "2"]
[White "Jacquet, Stephane"]
[Black "Nunez, Omar"]
[Result "0-1"]
[WhiteElo "1982"]
[BlackElo "1961"]
[PlyCount "72"]
[EventDate "2018.10.10"]
[EventType "tourn"]
[EventRounds "5"]
[EventCountry "CAN"]

1. d4 d6 2. e4 g6 3. Nc3 Bg7 4. Be3 Nc6 5. Qd2 e5 6. d5 Nd4 7. Nge2 Nxe2 8.
Bxe2 a6 9. h4 h5 10. O-O-O Nh6 11. f3 f5 12. Bg5 Qd7 13. exf5 gxf5 14. g4 Nf7
15. gxf5 Nxg5 16. hxg5 Qxf5 17. Rh4 Qf7 18. Ne4 Bf5 19. Ng3 O-O-O 20. Rdh1 Bg6
21. Qa5 Qe7 22. Bxa6 Qxg5+ 23. Kb1 bxa6 24. Rc4 Rd7 25. Qxa6+ Kd8 26. Ne4 Bxe4
27. Rxe4 Rf8 28. f4 Rxf4 29. Rxf4 exf4 30. Qa8+ Ke7 31. Qg8 Qe5 32. Kc1 Qxb2+
33. Kd2 Qd4+ 34. Ke2 Qe4+ 35. Kd2 Qe3+ 36. Kd1 Qf3+ 0-1

[Event "Mercredi 2018.10.10 ABCD"]
[Site "Montreal CAN"]
[Date "2018.10.17"]
[Round "2"]
[White "Millette, Sylvain"]
[Black "Shahabi, Shahab"]
[Result "1-0"]
[WhiteElo "1689"]
[BlackElo "1658"]
[PlyCount "63"]
[EventDate "2018.10.10"]
[EventType "tourn"]
[EventRounds "5"]
[EventCountry "CAN"]

1. e4 d6 2. Nf3 Nf6 3. Nc3 g6 4. Bc4 Bg7 5. d4 O-O 6. O-O Nc6 7. h3 e6 8. Be3
d5 9. exd5 exd5 10. Bb3 Na5 11. Qd2 Nxb3 12. axb3 a6 13. Bh6 Ne4 14. Qf4 Nxc3
15. bxc3 f6 16. Bxg7 Kxg7 17. Rfe1 Bf5 18. Re2 Rf7 19. Rae1 Qd7 20. g4 Be4 21.
Nh2 g5 22. Qe3 Rff8 23. f4 h6 24. Nf1 Rae8 25. f5 Rf7 26. Ng3 Rfe7 27. h4 Kf7
28. hxg5 Bxc2 29. g6+ Kf8 30. Qxh6+ Kg8 31. Nh5 Qd6 32. Re6 1-0

[Event "Mercredi 2018.10.10 ABCD"]
[Site "Montreal CAN"]
[Date "2018.10.17"]
[Round "2"]
[White "Nardone, Raul"]
[Black "O'Neill, Brendon"]
[Result "1/2-1/2"]
[WhiteElo "1777"]
[BlackElo "1770"]
[PlyCount "99"]
[EventDate "2018.10.10"]
[EventType "tourn"]
[EventRounds "5"]
[EventCountry "CAN"]

1. d4 f5 2. e4 fxe4 3. Nc3 Nf6 4. Bg5 d5 5. Bxf6 exf6 6. Qh5+ g6 7. Qxd5 Qxd5
8. Nxd5 Kd8 9. Nxf6 Bf5 10. g4 Bd7 11. Bg2 Nc6 12. O-O-O Bh6+ 13. Kb1 Rf8 14.
Nxd7 Kxd7 15. Nh3 Rae8 16. g5 Bg7 17. Rhe1 Kc8 18. c3 Re7 19. Bxe4 Rfe8 20. f3
Nd8 21. Nf4 Kb8 22. Re2 Nf7 23. h4 Nd6 24. Rde1 Rf8 25. Nd3 Rfe8 26. Nc1 Bh8
27. Bd3 Rxe2 28. Rxe2 Rxe2 29. Nxe2 Kc8 30. Kc1 Kd7 31. Kd2 Ke6 32. Nf4+ Kd7
33. h5 gxh5 34. Nxh5 Ke7 35. Bxh7 Nc4+ 36. Kd3 Nxb2+ 37. Ke4 Nd1 38. g6 Kf8 39.
f4 Nxc3+ 40. Kd3 Nxa2 41. f5 Nb4+ 42. Kc4 Nc6 43. f6 Bxf6 44. Nxf6 Ne7 45. Nd5
Nxd5 46. Kxd5 Kg7 47. Kc5 a5 48. d5 a4 49. Kb4 b5 50. Ka3 1/2-1/2

[Event "Mercredi 2018.10.10 ABCD"]
[Site "Montreal CAN"]
[Date "2018.10.17"]
[Round "2"]
[White "Nica, Ion"]
[Black "Guipi Bopala, Prince Eric jr"]
[Result "1/2-1/2"]
[WhiteElo "1644"]
[BlackElo "1757"]
[PlyCount "61"]
[EventDate "2018.10.10"]
[EventType "tourn"]
[EventRounds "5"]
[EventCountry "CAN"]

1. b3 e5 2. Bb2 Nc6 3. e3 Nf6 4. Bb5 d6 5. d4 exd4 6. Bxc6+ bxc6 7. Qxd4 Be7 8.
c4 O-O 9. Ne2 d5 10. Ng3 Bb4+ 11. Bc3 c5 12. Qd2 Bxc3 13. Nxc3 dxc4 14. Qxd8
Rxd8 15. bxc4 Be6 16. Na4 Bxc4 17. Nxc5 Rd5 18. Nb3 Bxb3 19. axb3 Rd3 20. Ra3
c5 21. Ke2 c4 22. Ra4 Rxb3 23. Rxc4 a5 24. Ra1 g6 25. Rca4 Rb2+ 26. Kf3 Rb5 27.
h3 Nd7 28. Ne4 Nb6 29. Rd4 a4 30. Nc3 Rba5 31. Ra3 1/2-1/2